London gets down to business (Record no. 69507)

MARC details
000 -LEADER
fixed length control field 00998cam a2200205 4500
001 - CONTROL NUMBER
control field WB3806-32
008 - FIXED-LENGTH DATA ELEMENTS--GENERAL INFORMATION
fixed length control field 020212n2002 000 0 eng u
035 ## - SYSTEM CONTROL NUMBER
System control number (Sirsi) u116701
245 ## - TITLE STATEMENT
Title London gets down to business
260 ## - PUBLICATION, DISTRIBUTION, ETC.
Date of publication, distribution, etc. 2002
490 ## - SERIES STATEMENT
Series statement London First Centre News Release
Volume/sequential designation 6 February 2002, (1)
520 ## - SUMMARY, ETC.
Summary, etc. London First has launched a business task force to tackle regeneration in London. London First Regeneration Task Force provides an opportunity for the business community to help deliver regeneration initiatives over a two year trial period. The task force also aims to influence policymakers on key issues affecting regeneration such as affordable housing, transport, planning and training. http://www.lfc.co.uk/lfc/press_centre/newsreleasedetail.asp?L2=40&NewsReleaseId=1341
590 ## - LOCAL NOTE (RLIN)
Local note WB
650 ## - SUBJECT ADDED ENTRY--TOPICAL TERM
Topical term or geographic name entry element LONDON FIRST
650 ## - SUBJECT ADDED ENTRY--TOPICAL TERM
Topical term or geographic name entry element URBAN REGENERATION
650 ## - SUBJECT ADDED ENTRY--TOPICAL TERM
Topical term or geographic name entry element BUSINESS COMMUNITY
650 ## - SUBJECT ADDED ENTRY--TOPICAL TERM
Topical term or geographic name entry element REGENERATION PROJECTS
690 ## - LOCAL SUBJECT ADDED ENTRY--TOPICAL TERM (OCLC, RLIN)
Topical term or geographic name as entry element REGENERATION
942 ## - ADDED ENTRY ELEMENTS (KOHA)
Suppress in OPAC 0
Holdings
Withdrawn status Lost status Source of classification or shelving scheme Damaged status Not for loan Home library Current library Shelving location Date acquired Total Checkouts Full call number Barcode Date last seen Copy number Price effective from Koha item type
    Dewey Decimal Classification     London London News article 12/02/2002   WB3806-32 116701-1001 06/08/2019 1 06/08/2019 News article